[Event "MTO"]
[Site "Biel SUI"]
[Date "2003.07.31"]
[Round "10"]
[White "Dvoirys,S"]
[Black "Adler,J"]
[Result "1-0"]
[WhiteElo "2555"]
[BlackElo "2310"]

1.e4 c5 2.Nf3 Nc6 3.d4 cxd4 4.Nxd4 Qc7 5.Nc3 e6 6.f4 a6 7.Be3 Nxd4 8.Qxd4 b5
9.Be2 Bb7 10.O-O Rc8 11.Bf3 h5 12.a4 b4 13.Na2 Qc4 14.c3 Nf6 15.Qxc4 Rxc4
16.cxb4 Ng4 17.Bb6 e5 18.h3 Rh6 19.a5 Nf6 20.fxe5 Nxe4 21.Rac1 Rhc6 22.Rxc4 Rxc4
23.Bxh5 Bd5 24.Bf3 Rc2 25.Nc3 Nxc3 26.bxc3 Bc4 27.Bd4 g6 28.Rf2 Rc1+ 29.Kh2 Re1
30.Rd2 Bg7 31.e6 Bh6 32.exd7+ Kxd7 33.Be5+  1-0

[Event "ch-NED Open"]
[Site "Dieren NED"]
[Date "2003.07.31"]
[Round "9"]
[White "Bitalzadeh,A"]
[Black "Van der Elburg,F"]
[Result "1-0"]
[WhiteElo "2181"]
[BlackElo "2228"]

1.e4 c5 2.Nf3 Nc6 3.d4 cxd4 4.Nxd4 Qc7 5.Be3 e6 6.Nc3 a6 7.Be2 b5 8.a3 Bb7
9.O-O Nf6 10.Nb3 Ne5 11.Bf4 d6 12.Bxe5 dxe5 13.Qd3 Be7 14.Rfd1 O-O 15.Qe3 Rfd8
16.Rxd8+ Rxd8 17.Rd1 Rxd1+ 18.Bxd1 Nd7 19.Qd3 Nc5 20.Nxc5 Bxc5 21.Bf3 g6
22.a4 b4 23.Nd1 Qc6 24.b3 Bd4 25.Ne3 Qc5 26.Kf1 Kf8 27.Nc4 a5 28.Qd2 Kg7
29.Ne3 Qc6 30.Ng4 Ba6+ 31.Kg1 Kf8 32.h3 Qc3 33.Qh6+ Ke7 34.Qg5+ Kd7 35.Qf6 Qe1+
36.Kh2 Bxf2 37.Qxf7+ Kd8 38.Qf8+ Kc7 39.Qe7+ Kb8 40.Nxf2 Qxf2 41.Qxe6 Ka7
42.Qxe5 Qxc2 43.Qxa5 Qc1 44.Qe5 Bb7 45.Qd6 Qe3 46.a5 g5 47.Qc7 h6 48.e5 Qf4+
49.Kh1  1-0

[Event "World Youth Stars"]
[Site "Kirishi RUS"]
[Date "2003.08.04"]
[Round "3"]
[White "Alsina Leal,D"]
[Black "Andreikin,D"]
[Result "1/2-1/2"]
[WhiteElo "2221"]
[BlackElo "2400"]

1.e4 c5 2.Nf3 Nc6 3.d4 cxd4 4.Nxd4 Qc7 5.Nc3 e6 6.g3 a6 7.Bg2 Nf6 8.O-O Nxd4
9.Qxd4 Bc5 10.Bf4 d6 11.Qd2 h6 12.Rad1 e5 13.Be3 Bg4 14.Bxc5 dxc5 15.f3 Be6
16.Nd5 Bxd5 17.exd5 O-O 18.d6 Qb6 19.c4 Rad8 20.Rfe1 Rfe8 21.Bh3 Nd7 22.b3 Nb8
23.f4 e4 24.Bg2 Re6 25.Bxe4 Rexd6  1/2-1/2

[Event "6th Magistral"]
[Site "Vicente Lopez ARG"]
[Date "2003.08.04"]
[Round "11"]
[White "Valerga,D"]
[Black "Panno,O"]
[Result "1-0"]
[WhiteElo "2496"]
[BlackElo "2480"]

1.e4 c5 2.Nf3 Nc6 3.d4 cxd4 4.Nxd4 Qb6 5.Nb3 Nf6 6.Nc3 e6 7.Qe2 Qc7 8.g4 d6
9.Bd2 a6 10.O-O-O b5 11.Bg2 Be7 12.f4 b4 13.Na4 O-O 14.g5 Nd7 15.Qf2 Rb8
16.Kb1 Re8 17.h4 Bf8 18.h5 Ne7 19.Nd4 e5 20.fxe5 Nxe5 21.b3 a5 22.Bf4 N7c6
23.Nf5 Nd8 24.Ne3 Qa7 25.Qg3 Ne6 26.Bxe5 dxe5 27.h6 Nf4 28.hxg7 Bxg7 29.Nf5 Ng6
30.Qh2 Nf8 31.Rd3 Qf2 32.Rf3 Qd2 33.Nxg7 Kxg7 34.Qh6+ Kg8 35.Rxf7  1-0

[Event "Stork YM"]
[Site "Hengelo NED"]
[Date "2003.08.07"]
[Round "6"]
[White "Bokros,A"]
[Black "Middelburg,T"]
[Result "1/2-1/2"]
[WhiteElo "2477"]
[BlackElo "2396"]

1.e4 c5 2.Nf3 Nc6 3.d4 cxd4 4.Nxd4 Qc7 5.Nc3 e6 6.Be2 a6 7.O-O Nf6 8.Kh1 Be7
9.f4 d6 10.Be3 O-O 11.a4 Bd7 12.Nb3 b6 13.Bf3 Bc8 14.g4 Bb7 15.g5 Nd7 16.Bg2 Rfe8
17.f5 Nce5 18.Nd4 Bf8 19.f6 g6 20.h4 Nc4 21.Bc1 d5 22.exd5 exd5 23.Qf3 Bc5
24.Nxd5 Bxd5 25.Qxd5 Qg3 26.Qxd7 Qxh4+ 27.Qh3 Qxh3+ 28.Bxh3 Bxd4 29.c3 Ne3
30.Rf3 Nc2 31.Rb1 Bc5 32.b4 Bd6 33.Bf4 Bxf4 34.Rxf4 Re3 35.Bg2 Rae8 36.c4 Re1+
37.Rxe1 Rxe1+ 38.Kh2 Re5 39.c5 bxc5 40.b5 axb5 41.axb5 Re6 42.Rc4 Nd4 43.Rxc5 h6
44.Rd5 Nxb5 45.Rxb5 hxg5 46.Rxg5 Rxf6 47.Kg3  1/2-1/2

[Event "WYol u16"]
[Site "Denizli TUR"]
[Date "2003.08.09"]
[Round "8"]
[White "Zinchenko,Y"]
[Black "Nikolopoulos,G"]
[Result "1-0"]
[WhiteElo "2322"]
[BlackElo "2097"]

1.e4 c5 2.Nf3 Nc6 3.d4 cxd4 4.Nxd4 Qc7 5.Nc3 e6 6.Be2 a6 7.O-O Nf6 8.Be3 Bb4
9.Na4 O-O 10.Nxc6 bxc6 11.f4 d5 12.e5 Nd7 13.c4 f6 14.exf6 Nxf6 15.c5 Ba5
16.Bd4 Qe7 17.Bd3 Bc7 18.Qe2 Qf7 19.Rae1 Re8 20.Qc2 Qh5 21.Qc3 e5 22.fxe5 Ng4
23.h3 Nxe5 24.Nb6 Bxh3 25.Bxh7+ Kxh7 26.Nxa8 Bxg2 27.Kxg2 Qg4+ 28.Qg3 Qxd4
29.Nxc7 Re7 30.Rf5 Qd2+ 31.Qf2 Qxf2+ 32.Rxf2  1-0

[Event "19th Open"]
[Site "Faaker-See AUT"]
[Date "2003.08.10"]
[Round "3"]
[White "Mencinger,V"]
[Black "Muellneritsch,A"]
[Result "1/2-1/2"]
[WhiteElo "2360"]
[BlackElo "2216"]

1.e4 c5 2.Nf3 Nc6 3.d4 cxd4 4.Nxd4 Qb6 5.Nb3 Nf6 6.Nc3 e6 7.Bd3 a6 8.O-O Be7
9.Kh1 d5 10.exd5 exd5 11.Bg5 Be6 12.Qd2 Rd8 13.Na4 Qb4 14.Qxb4 Nxb4 15.Nac5 Nxd3
16.Nxd3 O-O 17.Nd4 Bc8 18.Rfe1 Rfe8 19.Re2 h6 20.Bh4 g5 21.Bg3 Bf8 22.Rae1 Rxe2
23.Rxe2 Re8 24.Rxe8 Nxe8 25.Be5 f6 26.Bb8 Ng7 27.Ba7 Nf5 28.f3 Nxd4 29.Bxd4 Kf7
30.g4 Bd6 31.Kg2 b5 32.h3 a5 33.Kf2 f5 34.Be5 Bf8 35.Ke3 fxg4 36.hxg4 Bb7
37.Kd4 a4 38.c3 Ke6 39.f4 gxf4 40.Nxf4+ Kf7 41.Nxd5 Kg6 42.Nf4+ Kf7 43.Ke3 Bc5+
44.Bd4 Bd6 45.Nd3 Bc8 46.Be5 Be7 47.Bf4 Kg7 48.Ne5  1/2-1/2

[Event "ADCF Masters"]
[Site "Abu Dhabi UAE"]
[Date "2003.08.16"]
[Round "1"]
[White "Sandipan,C"]
[Black "Mashinskaya,I"]
[Result "1-0"]
[WhiteElo "2469"]
[BlackElo "2183"]

1.e4 c5 2.Nf3 Nc6 3.d4 cxd4 4.Nxd4 Qc7 5.c4 Nf6 6.Nc3 Nxe4 7.Nxe4 Qe5 8.Be3 Qxe4
9.Be2 Nxd4 10.Bxd4 Qxg2 11.Bf3 Qg5 12.c5 e6 13.Rc1 a5 14.Rc4 Be7 15.h4 Qf4
16.b3 f6 17.Rg1 Kf8 18.h5 Qc7 19.Be4 e5 20.Qg4 Rg8 21.Qg3 g5 22.hxg6 hxg6
23.Qh2 Bd8 24.Qh6+ Rg7 25.Rxg6  1-0

[Event "Jezero Open"]
[Site "Belgrade YUG"]
[Date "2003.08.17"]
[Round "4"]
[White "Andrijevic,M"]
[Black "Boskovic,D"]
[Result "1-0"]
[WhiteElo "2375"]
[BlackElo "2402"]

1.e4 c5 2.Nf3 Nc6 3.d4 cxd4 4.Nxd4 Qc7 5.Nc3 e6 6.Be2 a6 7.O-O Nf6 8.Kh1 h5
9.Nxc6 bxc6 10.f4 d5 11.e5 Ng4 12.Bxg4 hxg4 13.Qxg4 Bb7 14.Bd2 O-O-O 15.Rae1 g6
16.Rf3 Be7 17.Rh3 c5 18.Rxh8 Rxh8 19.b3 Bc6 20.Nd1 Qb7 21.Ne3 a5 22.a4 c4
23.Bxa5 Rh4 24.Qg3 cxb3 25.cxb3 Qxb3 26.Rc1 Qxa4 27.Bd2 Kd7 28.Ng4 Qd4 29.Be3 Qe4
30.h3 Rh8 31.Bc5 Bh4 32.Qxh4 Rxh4 33.Nf6+ Kc7 34.Nxe4 dxe4 35.Be3 Rh8 36.Kg1 Kd7
37.Kf2 Ra8 38.g4 Ra3 39.h4 Bb5 40.h5 gxh5 41.gxh5 Ra8 42.Kg3 Ra3 43.Re1 Ke8
44.f5 exf5 45.Kf4 Ra2 46.Kxf5 Re2 47.Rxe2 Bxe2 48.h6 Kf8 49.e6 fxe6+ 50.Kf6 Kg8
51.Kg6 e5 52.h7+ Kh8 53.Bg5  1-0

[Event "Open"]
[Site "Vienna AUT"]
[Date "2003.08.19"]
[Round "4"]
[White "Van Delft,M"]
[Black "Kurajica,B"]
[Result "1/2-1/2"]
[WhiteElo "2322"]
[BlackElo "2558"]

1.e4 c5 2.Nf3 Nc6 3.d4 cxd4 4.Nxd4 Qb6 5.Nb3 Nf6 6.Nc3 e6 7.Qe2 Bb4 8.Bd2 O-O
9.a3 Be7 10.O-O-O Qc7 11.g4 d5 12.exd5 Nxd5 13.Nxd5 exd5 14.Kb1 Bd6 15.Bg2 Be6
16.Be3 Ne7 17.Nd4  1/2-1/2

[Event "ADCF Masters"]
[Site "Abu Dhabi UAE"]
[Date "2003.08.20"]
[Round "5"]
[White "El Arousy,A"]
[Black "Sale,S"]
[Result "1/2-1/2"]
[WhiteElo "2315"]
[BlackElo "2420"]

1.e4 c5 2.Nf3 Nc6 3.d4 cxd4 4.Nxd4 Qc7 5.Nc3 e6 6.g3 a6 7.Bg2 d6 8.O-O Bd7
9.Re1 Be7 10.Nxc6 bxc6 11.b3 Rb8 12.Bb2 e5 13.Qd3 a5 14.Rad1 Nf6 15.Ba3 c5
16.Bc1 h6 17.h3 O-O 18.f4 Rfc8 19.Bf1 Rb4 20.Qf3 Qb7 21.fxe5 dxe5 22.Kh2 Be6
23.Nd5 Bxd5 24.exd5 e4 25.Qf5 Rb6 26.Bb2 c4 27.Bd4 cxb3 28.Bxb6 Rxc2+ 29.Re2 Qxb6
30.axb3 Rc3 31.Qe5 Qc5 32.Qb8+ Kh7 33.d6 Qe5 34.Rg2 Rc6 35.Qb7 Rxd6 36.Rxd6 Qxd6
37.Bc4 Kg6 38.Qb5 Qc5 39.Qxc5 Bxc5 40.Rd2 e3 41.Rd8 Ne4 42.Bd3 Kf6 43.Kg2 Nd2
44.Rb8 Bb4 45.Rb7 Ke6 46.Rb6+ Ke5 47.Rb7 Kd4 48.Be2 Nxb3 49.Rxf7 a4 50.Rf4+ Kc3
51.Rc4+ Kd2 52.Rxb4 Kxe2 53.Rxa4 Nd2 54.Ra7 g5 55.g4 Ne4 56.Ra2+ Nd2 57.Ra6 Nf3
58.Ra2+ Nd2 59.Ra6 Kd1 60.Ra1+  1/2-1/2

[Event "1st League TCh-SCG"]
[Site "Budva SCG"]
[Date "2003.08.29"]
[Round "1"]
[White "Nikac,P"]
[Black "Djukic,Ni"]
[Result "1-0"]
[WhiteElo "2344"]
[BlackElo "2396"]

1.e4 c5 2.Nf3 Nc6 3.d4 cxd4 4.Nxd4 Qc7 5.Nc3 e6 6.Be2 a6 7.O-O Nf6 8.Kh1 Be7
9.f4 d6 10.Be3 O-O 11.Qe1 Na5 12.Rd1 Nc4 13.Bc1 b5 14.b3 Nb6 15.Bd3 Bb7 16.Bb2 Rac8
17.a3 Rfe8 18.Qg3 Nbd7 19.Rde1 Bf8 20.Qh3 Nc5 21.b4 Nxd3 22.cxd3 g6 23.f5 exf5
24.Nxf5 Nd7 25.Ne3 Bg7 26.Ncd5 Bxd5 27.Nxd5 Bxb2 28.Nxc7 Rxc7 29.Rb1 Bd4
30.Rfc1 Rec8 31.Rxc7 Rxc7 32.Qh4 Bf6 33.Qf4 Be5 34.Qe3 Rc3 35.Qa7 Nf6 36.d4 Bf4
37.Qxa6 Ng4 38.g3 Be3 39.h3 Nf2+ 40.Kg2 Rc2 41.Kf3 Rc3 42.Qxd6 Bxd4+ 43.Kg2 Rd3
44.Qf4 Rxa3 45.e5 Ba7 46.Rc1  1-0

[Event "1st League TCh-SCG"]
[Site "Budva SCG"]
[Date "2003.08.30"]
[Round "2"]
[White "Marjanovic,Slavo"]
[Black "Perunovic,Mil"]
[Result "0-1"]
[WhiteElo "2511"]
[BlackElo "2527"]

1.e4 c5 2.Nf3 Nc6 3.d4 cxd4 4.Nxd4 Qc7 5.Nc3 e6 6.Be3 a6 7.Qd2 Nf6 8.O-O-O Bb4
9.f3 Ne5 10.Nb3 b5 11.Bd4 Bb7 12.Kb1 Be7 13.Qf2 Rc8 14.a3 d6 15.g4 O-O 16.Rg1 Nfd7
17.g5 Nc6 18.Be3 b4 19.axb4 Nxb4 20.Rd4 d5 21.exd5 Nxd5 22.Nxd5 Bxd5 23.c4 Bc6
24.Rh4 Rb8 25.Qc2 g6 26.Nd4 Ba3 27.Bc1 Bc5 28.Nxc6 Qxc6 29.Rg3 Rfd8 30.Qe4 Qb6
31.Rg2 Bf8 32.Qe3 Nc5 33.Rc2 Bg7 34.Be2 Qc6 35.Qa3 Rb3 36.Qa5 Rdb8 37.Rd2 R3b6
38.Bd1 Qc7 39.Qa3 a5 40.Ba4 Rb4 41.Bd1 a4 42.Re2 Qd8 43.Bc2 Bxb2 44.Bxb2 Rxb2+
45.Qxb2 Rxb2+ 46.Kxb2 Qxg5 47.Rd4 Qf6 48.Rd2 Qxf3 49.Rd8+ Kg7 50.Bd1 Qb7+
51.Ka3 Qe7 52.Ka2 Ne4 53.R8d7 Nc3+  0-1

[Event "1st League TCh-SCG"]
[Site "Budva SCG"]
[Date "2003.08.30"]
[Round "2"]
[White "Krivokapic,M"]
[Black "Miljkovic,Mih"]
[Result "1-0"]
[WhiteElo "2312"]
[BlackElo "2275"]

1.e4 c5 2.Nf3 Nc6 3.d4 cxd4 4.Nxd4 Qc7 5.Nc3 e6 6.Be3 Nf6 7.Be2 a6 8.a3 Be7
9.O-O O-O 10.f4 d6 11.Kh1 Nxd4 12.Bxd4 e5 13.Be3 exf4 14.Bxf4 Be6 15.Qe1 Nd7
16.Rd1 Ne5 17.Qg3 Rad8 18.Bh6 Ng6 19.Be3 Bh4 20.Qf3 Ne5 21.Qh5 Be7 22.Bd4 g6
23.Qh6 Rfe8 24.Rd2 Bf8 25.Qe3 Qe7 26.Qg3 Bg7 27.Rfd1 Rd7 28.h3 Bf6 29.Be3 Red8
30.Bh6 Bh4 31.Qe3 Bf6 32.Rf1 Rc8 33.Qf4 Bg7 34.Bg5 Qf8 35.Qh4 Nc4 36.Bxc4 Rxc4
37.Bf6 Bh6 38.Rd3 Rc5 39.Rfd1 Bc4 40.Rd4 Be3 41.Rxc4 Rxc4 42.Nd5 Bh6 43.Ne7+ Rxe7
44.Bxe7 Qe8 45.Rxd6 Rc8 46.c3 Bg7 47.Qg4 h5 48.Qd7 Be5 49.Qxe8+ Rxe8 50.Rd7 b5
51.Kg1 Rc8 52.Kf2 Rc6 53.Ke3 Re6 54.Bc5 Kg7 55.Bd4 h4 56.Bxe5+ Rxe5 57.Kf4 Re6
58.e5 Rc6 59.Kg4 Rc4+ 60.Kf3 Kf8 61.Rd6 a5 62.Rd5 b4 63.axb4 axb4 64.Rd4  1-0

[Event "1st League TCh-SCG"]
[Site "Budva SCG"]
[Date "2003.08.30"]
[Round "2"]
[White "Savanovic,A"]
[Black "Boskovic,D"]
[Result "0-1"]
[WhiteElo "2396"]
[BlackElo "2402"]

1.e4 c5 2.Nf3 Nc6 3.d4 cxd4 4.Nxd4 Qc7 5.Nc3 e6 6.Be2 a6 7.O-O Nf6 8.Kh1 h5
9.f4 Nxd4 10.Qxd4 b5 11.e5 Ng4 12.Bf3 Bb7 13.Bxb7 Qxb7 14.f5 Rc8 15.fxe6 dxe6
16.Bg5 Bc5 17.Qd2 Nxe5 18.Rae1 Nc4 19.Qd3 O-O 20.Ne4 Be7 21.Bxe7 Qxe7 22.Nf6+ gxf6
23.Qg3+ Kh7 24.Qh4 Rc5 25.Rxf6 Qd6 26.b3 Nb6 27.Qf2 Kg8 28.Rf1 Nd7 29.Rf3 Rg5
30.Rd3 Qe7 31.Qa7 Rd5 32.Rfd1 Qd6 33.Rxd5 exd5 34.c4 bxc4 35.bxc4 Nf6 36.h3 Re8
37.cxd5 Re2 38.Qa8+ Kg7 39.Qc6 Qg3 40.d6 Ne4  0-1

[Event "1st League TCh-SCG w"]
[Site "Budva SCG"]
[Date "2003.09.01"]
[Round "4"]
[White "Gaponenko,I"]
[Black "Djukic,Sa"]
[Result "1-0"]
[WhiteElo "2399"]
[BlackElo "2033"]

1.e4 c5 2.Nf3 Nc6 3.d4 cxd4 4.Nxd4 Qc7 5.Nc3 e6 6.Be3 a6 7.Bd3 Nf6 8.O-O Ne5
9.h3 b5 10.f4 Nc4 11.Bxc4 Qxc4 12.Qd3 d5 13.e5 Nd7 14.a4 Nc5 15.Qd2 b4 16.Nce2 Ne4
17.Qe1 g6 18.Ng3 Nxg3 19.Qxg3 h5 20.Rad1 Bd7 21.b3 Qc7 22.Rd3 Rc8 23.Rc1 Qb7
24.Qe1 Bc5 25.Bf2 Kd8 26.c4 bxc3 27.Rdxc3 Bxd4 28.Rxc8+ Bxc8 29.Bxd4 Kd7
30.Qa5  1-0

[Event "1st League TCh-SCG"]
[Site "Budva SCG"]
[Date "2003.09.07"]
[Round "9"]
[White "Stojanovic,Da"]
[Black "Djukic,Ni"]
[Result "1-0"]
[WhiteElo "2422"]
[BlackElo "2396"]

1.e4 c5 2.Nf3 Nc6 3.d4 cxd4 4.Nxd4 Qc7 5.Nc3 e6 6.Ndb5 Qb8 7.Be3 a6 8.Bb6 axb5
9.Nxb5 Bb4+ 10.c3 Ba5 11.Nc7+ Qxc7 12.Bxc7 Bxc7 13.Qg4 g6 14.Bb5 Nge7 15.Qe2 O-O
16.O-O f5 17.f3 d6 18.a4 Bd7 19.b4 d5 20.a5 Rad8 21.a6 bxa6 22.Rxa6 fxe4
23.fxe4 Rxf1+ 24.Qxf1 Rf8 25.Qe2 d4 26.g3 dxc3 27.Qc4 c2 28.Qxc2 Nd4 29.Qxc7 Bxb5
30.Rd6 Nf3+ 31.Kh1 Nc6 32.Rd7 Ng5 33.Rg7+ Kh8 34.h4 Rf1+ 35.Kg2 Rc1 36.hxg5 Rc2+
37.Kg1 Rc1+ 38.Kf2 Rc2+ 39.Ke1  1-0

[Event "TCh-CRO w"]
[Site "Rabac CRO"]
[Date "2003.09.08"]
[Round "2"]
[White "Krivec,J"]
[Black "Cosma,E"]
[Result "1/2-1/2"]
[WhiteElo "2268"]
[BlackElo "2440"]

1.e4 c5 2.Nf3 Nc6 3.d4 cxd4 4.Nxd4 Qc7 5.Nc3 e6 6.g3 a6 7.Bg2 Nf6 8.O-O Bc5
9.Nb3 Ba7 10.Bf4 Ne5 11.Nc1 d6 12.Nd3 h6 13.Qe2 O-O 14.Be3 Bxe3 15.Qxe3 Nc4
16.Qe2 Nxb2 17.Nxb2 Qxc3 18.Nc4 d5 19.Nb6 Rb8 20.exd5 exd5 21.Nxd5 Nxd5 22.Bxd5 Bf5
23.Rfc1 b5 24.a4 Rbd8 25.Bb3 Rd2 26.Qh5 Bxc2 27.Bxc2 Rxc2 28.Qd1 Rxc1 29.Rxc1 Qe5
30.axb5 axb5 31.Qb3 Rd8 32.Rb1 Rd2 33.Rc1 Qf5 34.Qe3 Qd5 35.Qe1 b4 36.h4 b3
37.Rc8+ Kh7 38.Qb1+ g6 39.Rc1 b2 40.Rf1 h5 41.Qe1 Qd3 42.Kh2 Re2 43.Qb4 b1=Q
44.Qxb1 Rxf2+ 45.Rxf2 Qxb1 46.Rxf7+ Kh6 47.Rf2 Qb6 48.Kg2 g5 49.hxg5+ Kxg5
50.Rf4 Qb2+ 51.Kg1 Qe2 52.Kh1 h4 53.Rxh4 Qf2 54.Rf4 Qxg3 55.Rf5+ Kg6 56.Rf6+ Kg7
57.Rf7+ Kg8 58.Rf8+ Kg7 59.Rg8+  1/2-1/2

[Event "TCh-CRO"]
[Site "Rabac CRO"]
[Date "2003.09.14"]
[Round "8"]
[White "Zufic,M"]
[Black "Kurajica,B"]
[Result "0-1"]
[WhiteElo "2399"]
[BlackElo "2558"]

1.e4 c5 2.Nf3 Nc6 3.d4 cxd4 4.Nxd4 Qb6 5.Nb3 Nf6 6.Nc3 e6 7.Qe2 Bb4 8.Bd2 O-O
9.a3 Be7 10.O-O-O d5 11.e5 Ne8 12.f4 f6 13.exf6 Bxf6 14.g3 Nd6 15.Bh3 Re8
16.Be3 d4 17.Bf2 e5 18.Bxc8 Raxc8 19.Ne4 Nxe4 20.Qxe4 exf4 21.Qd5+ Kh8 22.gxf4 Qc7
23.Rd2 Qxf4 24.Kb1 Rcd8 25.Qb5 Re5 26.Qd3 Re3 27.Qb5  0-1

[Event "Saipa Cup"]
[Site "Tehran IRI"]
[Date "2003.09.14"]
[Round "2"]
[White "Kayumov,D"]
[Black "Ghorbani,M"]
[Result "1-0"]
[WhiteElo "2505"]
[BlackElo "2353"]

1.e4 c5 2.Nf3 Nc6 3.d4 cxd4 4.Nxd4 Qc7 5.Nc3 e6 6.Be2 a6 7.O-O Nf6 8.Be3 Bb4
9.Na4 Rb8 10.c4 Bd6 11.g3 Be7 12.Rc1 d6 13.Nc3 Ne5 14.f4 Ned7 15.b4 g6 16.a3 Ra8
17.Bf3 O-O 18.Nb3 Re8 19.c5 e5 20.Nd5 Nxd5 21.exd5 Bf8 22.c6 bxc6 23.dxc6 Nf6
24.fxe5 dxe5 25.Nc5 Bg7 26.Nd7 Re6 27.Bb6 Qd6 28.Qxd6 Rxd6 29.Bc5 Re6 30.Nxf6+ Bxf6
31.Bd5 Be7 32.c7 Bxc5+ 33.Rxc5 Ra7 34.Bxe6 fxe6 35.Rd1 Kf7 36.Rd8 Ra8 37.Rc6 Ke7
38.Rb6  1-0

[Event "TCh-CRO w"]
[Site "Rabac CRO"]
[Date "2003.09.15"]
[Round "9"]
[White "Bazaj Bockai,S"]
[Black "Cosma,E"]
[Result "1/2-1/2"]
[WhiteElo "2153"]
[BlackElo "2440"]

1.e4 c5 2.Nf3 Nc6 3.d4 cxd4 4.Nxd4 Qc7 5.Nc3 e6 6.Be2 a6 7.O-O Bc5 8.Be3 Nce7
9.Qd2 Nf6 10.Nb3 Bxe3 11.Qxe3 O-O 12.e5 Nfd5 13.Nxd5 Nxd5 14.Qe4 f5 15.exf6 Nxf6
16.Qd3 b6 17.Bf3 Bb7 18.Nd4 Rac8 19.Bxb7 Qxb7 20.Rad1 Rc5 21.f4 b5 22.Qb3 Qb6
23.Kh1 Rd5 24.c3 Ng4 25.Rd3 Qd6 26.Rdf3 Nf6 27.h3 Nh5 28.g3 b4 29.Rd3 bxc3
30.bxc3 Nf6 31.Rfd1 Qc7  1/2-1/2

[Event "ch-HUN w"]
[Site "Budapest HUN"]
[Date "2003.09.27"]
[Round "7"]
[White "Gara,A"]
[Black "Medvegy,N"]
[Result "1/2-1/2"]
[WhiteElo "2352"]
[BlackElo "2354"]

1.e4 c5 2.Nf3 Nc6 3.d4 cxd4 4.Nxd4 Qc7 5.Nc3 e6 6.Be3 a6 7.Qd2 Nxd4 8.Qxd4 b5
9.O-O-O Bb7 10.Kb1 Rc8 11.Bd3 Ne7 12.Bxb5 Nc6 13.Bxc6 Bxc6 14.Rhe1 f6 15.f4 Rb8
16.f5 Qb7 17.b3 e5 18.Qd3 Bb4 19.Bd2 Bxc3 20.Bxc3 O-O 21.g4 Qb5 22.Qd2 d5
23.exd5 Rbd8 24.d6 Bf3 25.Bb4 Bxg4 26.Qd5+ Qxd5 27.Rxd5 Bxf5 28.Kb2 Rd7 29.c4 Rc8
30.Kc3 Kf7 31.Red1 Rc6 32.Ba5 Bg4 33.R1d2 Be6 34.R5d3 e4 35.Rd4 e3 36.Re2 Rcxd6
37.Rxd6 Rxd6 38.Rxe3 Rc6 39.Kd4 f5 40.h4 g6 41.c5 h6 42.a4 Bd7 43.Kd5 Rf6
44.Bd8 Bc6+ 45.Kd4 Re6 46.Rxe6 Kxe6 47.Ke3  1/2-1/2

[Event "ch-HUN w"]
[Site "Budapest HUN"]
[Date "2003.09.27"]
[Round "7"]
[White "Gara,T"]
[Black "Lakos,N"]
[Result "1-0"]
[WhiteElo "2249"]
[BlackElo "2372"]

1.e4 c5 2.Nf3 Nc6 3.d4 cxd4 4.Nxd4 Qc7 5.Nc3 e6 6.Be2 a6 7.O-O Nf6 8.Be3 Bb4
9.Na4 Bd6 10.g3 b5 11.Nb6 Rb8 12.Nxc8 Rxc8 13.c4 b4 14.c5 Bxc5 15.Bxa6 Bxd4
16.Bxd4 Ra8 17.Bb5 Nxe4 18.Qg4 Qb7 19.Bxc6 Qxc6 20.Qxg7 Rf8 21.Rac1 Qd5 22.Be3 Nd2
23.Bxd2 Qxd2 24.Rfd1 Qe2 25.Qd4 Qb5 26.Qd6 Rd8 27.Rc5 Qa4 28.Rc7 Rg8 29.b3 Qb5
30.Rd4 Rg5 31.Rxb4 Qd5 32.Rd4 Qxd6 33.Rxd6 Ra5 34.a4 Ke7 35.Rd3 e5 36.Kf1 f5
37.Ke2 Ke6 38.Rdc3 Rb8 39.Rc8 Rxc8 40.Rxc8 Ra7 41.Kd3 Kd5 42.Kc3 Ke4 43.Kb4 Rb7+
44.Ka3 d5 45.Rd8 d4 46.a5 Kf3 47.b4 Kxf2 48.Ka4 Ke2 49.a6 Rg7 50.Ka5 d3 51.b5 Rg4
52.a7 Rd4 53.Rxd4 exd4 54.a8=Q d2 55.Qg2+ Ke1 56.Qg1+ Ke2 57.Qxd4  1-0

[Event "ch-IRI"]
[Site "Mashad IRI"]
[Date "2003.09.27"]
[Round "5"]
[White "Mahmoud,P"]
[Black "Akbarinia,S"]
[Result "1/2-1/2"]
[WhiteElo "2297"]
[BlackElo "2278"]

1.e4 c5 2.Nf3 Nc6 3.d4 cxd4 4.Nxd4 Qc7 5.Nb5 Qb8 6.c4 a6 7.N5c3 e6 8.Be2 Nf6
9.Be3 Qc7 10.Nd2 d6 11.O-O b6 12.Rc1 Bb7 13.Nd5 exd5 14.cxd5 Qd7 15.dxc6 Bxc6
16.Nc4 Rd8 17.Nxb6 Qb7 18.f3 Be7 19.Qc2 Bb5 20.Bxb5+ axb5 21.Rfd1 O-O 22.Qc7 Qxc7
23.Rxc7 Rfe8 24.Rb7 Rb8 25.Rxb8 Rxb8 26.Rc1 Bd8 27.Rc8 Rxc8 28.Nxc8 d5 29.Na7 dxe4
30.Nxb5 Nd5 31.Bd4 exf3 32.gxf3 f6 33.Nc3 Nb4 34.a3 Nc6 35.Bc5 Ne5 36.Kg2 Nd3
37.b4 Kf7 38.Be3 Be7 39.Kf1 Ke6 40.Ke2 Ne5 41.Bc1 g5 42.f4 gxf4 43.Bxf4 Nc4
44.Nb5 Kf5 45.Kf3 Bf8 46.Nd4+ Kg6 47.Bc1 f5 48.Nc6 Bd6 49.h3 Kf6 50.a4 Ke6
51.b5 Kd5 52.Be3 Bc7 53.Bf2 Nd2+ 54.Ke2 Nc4 55.Nb4+ Ke4 56.Na6 Bd8 57.Nc5+ Kd5
58.Nd3 Ke4 59.Nc5+ Kd5 60.Nb3 Bc7 61.Be1 Nd6 62.Kd3 f4 63.Bd2 Nc4 64.Bc3 Nd6
65.Bd2 Nc4 66.Bc3 Nd6 67.Bd2  1/2-1/2

[Event "2nd League TCh-SCG"]
[Site "Belgrade SCG"]
[Date "2003.09.28"]
[Round "2"]
[White "Marinkovic,Sl"]
[Black "Ivanisevic,I"]
[Result "1/2-1/2"]
[WhiteElo "2446"]
[BlackElo "2563"]

1.e4 c5 2.Nf3 Nc6 3.d4 cxd4 4.Nxd4 Qc7 5.Nc3 e6 6.g3 a6 7.Bg2 Nf6 8.O-O Bc5
9.Bf4 e5 10.Nb3 exf4 11.Nxc5 d6 12.Nd3 fxg3 13.hxg3 h5 14.Nd5 Qd8 15.Qe1 Kf8
16.c4 h4 17.Qc3 Ng4 18.N3f4 Nge5 19.Ne2 Bg4 20.f3 Be6 21.Rad1 Rh6 22.f4 Bg4
23.Rd2 h3 24.Bh1 h2+ 25.Kf2 Nd7 26.Ne3 Bh3 27.Rfd1 Qc7 28.Nd5 Qb8 29.Nb4 Bg4
30.Re1  1/2-1/2

[Event "Tatry Open"]
[Site "Tatranske Zruby SVK"]
[Date "2003.10.04"]
[Round "9"]
[White "Hanzluvka,P"]
[Black "Hrbolka,L sr"]
[Result "0-1"]
[WhiteElo "2071"]
[BlackElo "2174"]

1.e4 c5 2.Nf3 Nc6 3.d4 cxd4 4.Nxd4 Qb6 5.Nxc6 dxc6 6.Bd3 e5 7.O-O Nf6 8.b3 Bg4
9.Qe1 Qd4 10.Qc3 Bc5 11.Bb2 O-O-O 12.Qxd4 Bxd4 13.Bxd4 Rxd4 14.Nd2 Nd7 15.Nc4 Kc7
16.Ne3 Be6 17.Rad1 Nc5 18.f3 Rhd8 19.Be2 b5 20.Kf2 a5 21.Rc1 Kb6 22.Rfd1 Na6
23.Rxd4 exd4 24.Nf5 g6 25.Ng3 Nb4 26.a3 Na2 27.Ra1 Nc3 28.Bf1 c5 29.Ke1 a4
30.bxa4 Nxa4 31.Kd2 c4 32.Ne2 c3+ 33.Ke1 Nb2 34.Nf4 Ra8 35.Nd3 Nc4  0-1

[Event "EuTCh w"]
[Site "Plovdiv BUL"]
[Date "2003.10.20"]
[Round "9"]
[White "Paehtz,E"]
[Black "Botsari,A"]
[Result "1-0"]
[WhiteElo "2419"]
[BlackElo "2394"]

1.e4 c5 2.Nf3 Nc6 3.d4 cxd4 4.Nxd4 Qc7 5.Nc3 e6 6.Be2 a6 7.Be3 Nf6 8.f4 Bb4
9.Qd3 d5 10.e5 Ne4 11.O-O Nxd4 12.Bxd4 Bxc3 13.bxc3 Bd7 14.c4 Rc8 15.Qe3 Qa5
16.cxd5 Nc3 17.dxe6 Nxe2+ 18.Qxe2 Bxe6 19.f5 Bc4 20.Qe1 Qxe1 21.Rfxe1 O-O
22.c3 g6 23.g4 gxf5 24.gxf5 Bd3 25.f6 Rfe8 26.Kf2 Bg6 27.a4 Re6 28.a5 Kf8
29.Ke3 Ke8 30.Ra4 Rc7 31.Rb4 Kd7 32.Re2 Kc8 33.Reb2 Rec6 34.Kf4 Rc4 35.Rxc4 Rxc4
36.e6 fxe6 37.Ke5 Rc6 38.Rd2 Rc7 39.Kxe6 Bf7+ 40.Kf5 Rd7 41.Kg5 Bc4 42.Kh6 Kd8
43.Bb6+ Ke8 44.Rxd7 Kxd7 45.Kxh7 Ke8 46.Kg7 Bf7 47.h4 Bh5 48.Bc5 Bf7 49.Bb4 Bh5
50.Kh6 Be2 51.Kg6 Bc4 52.h5 Bf7+ 53.Kh6 Kd7 54.Kg7 Bxh5 55.f7  1-0

[Event "WYb16"]
[Site "Halkidiki GRE"]
[Date "2003.10.25"]
[Round "3"]
[White "Milman,L"]
[Black "Soskov,V"]
[Result "0-1"]
[WhiteElo "2380"]
[BlackElo "2262"]

1.e4 c5 2.Nf3 Nc6 3.d4 cxd4 4.Nxd4 Qc7 5.Nc3 e6 6.Be3 Nf6 7.Bd3 a6 8.O-O Ne5
9.h3 Nc4 10.Bxc4 Qxc4 11.Qf3 d6 12.a4 Be7 13.Rfe1 O-O 14.Nb3 Qc7 15.a5 Bd7
16.Bb6 Qb8 17.Qd3 Bc6 18.Bd4 Nd7 19.Qg3 g6 20.f4 Qc7 21.f5 Rae8 22.Rf1 Bf6
23.Rad1 Ne5 24.Be3 Kh8 25.Bh6 Rg8 26.Bg5 Bxg5 27.Qxg5 gxf5 28.Qf6+ Rg7 29.Rde1 fxe4
30.Re3 d5 31.Rg3 Ng6 32.Rg5 Qd8 33.Nd4 Qxf6 34.Rxf6 Ne7 35.Rh5 Kg8 36.g4 Rg6
37.Rf2 f5 38.Nce2 Rf6 39.gxf5 e5 40.Rg5+ Kh8 41.Ne6 Nxf5 42.Nc7 Ref8 43.Ne6 Rxe6
44.Rfxf5 Rxf5 45.Rxf5 d4 46.Kf2 e3+ 47.Ke1 Be4 48.Rf8+ Kg7 49.Rc8 Rc6 50.Re8 Bxc2
51.Rxe5 d3 52.Rxe3 dxe2 53.Re7+ Kf6 54.Rxb7 Re6 55.b4 Bd3 56.Rd7 Bb5 57.Rxh7 Kg6
58.Rb7 Rf6 59.Rb6 Kg7 60.Rb7+ Kh6 61.Rb6 Kg7 62.Rb7+ Kf8 63.Rb8+ Ke7 64.Rb7+ Kd8  0-1

[Event "WYg16"]
[Site "Halkidiki GRE"]
[Date "2003.10.26"]
[Round "4"]
[White "Vega Gutierrez,S"]
[Black "Cherenkova,K"]
[Result "0-1"]
[WhiteElo "2228"]
[BlackElo "2173"]

1.e4 c5 2.Nf3 Nc6 3.d4 cxd4 4.Nxd4 Qc7 5.Nc3 e6 6.Be3 a6 7.f4 d6 8.Qf3 Nf6
9.O-O-O Bd7 10.g4 Nxd4 11.Bxd4 Bc6 12.g5 Nd7 13.Bh3 O-O-O 14.Rhe1 Kb8 15.Qh5 e5
16.Be3 g6 17.Qf3 exf4 18.Bxd7 fxe3 19.Bxc6 bxc6 20.Rxe3 Bg7 21.Na4 Ka7 22.Ra3 Rb8
23.Qf2+ c5 24.Qf1 Qb7 25.Rb3 Qc7 26.Qc4 Be5 27.h4 Rhf8 28.Rf1 Rxb3 29.Qxb3 Qb7
30.Qc4 Bd4 31.c3 Bg7 32.Rd1 Qb5 33.Qb3 Qxb3 34.axb3 Be5 35.Rd3 Bf4+ 36.Kc2 f5
37.exf5 Rxf5 38.Rf3 Be5 39.Rxf5 gxf5 40.Kd3 Kb7 41.c4 Kc6 42.Ke3 Kd7  0-1

[Event "3rd Rohde Open"]
[Site "Sautron FRA"]
[Date "2003.10.26"]
[Round "2"]
[White "Geller,J"]
[Black "Andonov,B"]
[Result "1-0"]
[WhiteElo "2486"]
[BlackElo "2310"]

1.e4 c5 2.Nf3 Nc6 3.d4 cxd4 4.Nxd4 Qc7 5.Nc3 e6 6.Be3 Nf6 7.Be2 Be7 8.O-O d6
9.f4 a6 10.a4 O-O 11.Bf3 Rd8 12.Kh1 Ne5 13.g4 Nxf3 14.Qxf3 d5 15.e5 Ne4 16.Nxe4 dxe4
17.Qg3 Rd5 18.Rad1 b5 19.axb5 axb5 20.f5 Bb7 21.c3 Ra2 22.fxe6 fxe6 23.Qf4 h6
24.Qf7+ Kh7 25.Rf6 Kh8 26.Bxh6 Bxf6 27.Qxc7 Bxe5 28.Qxb7 gxh6 29.Qc8+  1-0